| 000 | 00821nas1a22002531i 4500 | ||
|---|---|---|---|
| 001 | RU\NLR\BIBL_A\016329971 | ||
| 005 | 20241105065809.0 | ||
| 035 | _a(NLR Aleph) 016329971 | ||
| 090 |
_a13057521 _c13057521 |
||
| 100 | _a20230330a20189999|||y0rusy50 ca | ||
| 101 | 0 | _arus | |
| 102 | _aRU | ||
| 110 | _azuuzz 0|y| | ||
| 181 | 0 |
_ai _baxxe |
|
| 182 | 0 | _an | |
| 200 | 1 |
_aАльманах Корана _eнаучно-просветительский журнал |
|
| 203 |
_aТекст _bвизуальный _cнепосредственный |
||
| 210 |
_a[Саратов _cб. и.] _d2022 - |
||
| 605 |
_aКоран _jПериодические издания _xТолкование _92186408 _3RU\NLR\AUTH\661314534 |
||
| 686 | 1 | _aЭ38-210.2я54 | |
| 852 |
_aNLR _jП37/372 |
||
| 942 | _cSE | ||
| 980 | _aRUSPER | ||